000 00356pab a2200133 454500
008 180718b xxu||||| |||| 00| 0 eng d
100 _aRao, A. Murali Dhar
245 _aTRY SEM needs collective approach for success
650 _aEmployment, Rural - India
700 _aRao, J. Narasimha
700 _aReddy, B. Sekkar
773 _aKuruksheta
909 _a1350
999 _c1350
_d1350